Biblioteca

Carta descriptiva de historia de la iglesia para el instituto ministerial de Medellin (Registro nro. 43666)

Detalles MARC
000 -LÍDER
Campo fijo de descripción fija 005640000a22001450004500
001 - NÚMERO DE CONTROL
Campo de control 14846
100 1# - ASIENTO PRINCIPAL--NOMBRE PERSONAL
Nombre personal Piedrahita, Jhon Jaime; Trujillo, Juan Felipe
245 10 - TÍTULO
Título del Material Carta descriptiva de historia de la iglesia para el instituto ministerial de Medellin
260 ## - PUBLICACIÓN, DISTRIBUCIÓN, ETC. (PIE DE IMPRENTA)
Lugar de publicación, distribución, etc. Medellin : Seminario Bíblico de Colombia
300 ## - DESCRIPCIÓN FÍSICA
Extensión 36 Pág.
500 ## - NOTA GENERAL
Nota General Asesor: David Ford. B.S.c., M.T.h., Ph.D. Doctorado en Ingenieria, Maestría en Teología
942 ## - TIPO DE MATERIAL (KOHA)
Tipo de Item KOHA Libros General
Existencias
Estado de Material Estado de Perdido Estado de Dañado No para Préstamo Colección Tomo Biblioteca de Origen Biblioteca Permanente Fecha de Adquisición Total de Préstamos Signatura Topográfica Código de Barras Última vez visto Ejemplar/Existencia Fecha de Remplazo Tipo de Material
        Trabajos de grado   Biblioteca FUSBC Biblioteca FUSBC 01/03/2008   T P613c 16863 12/12/2019 1 26/01/2016 Trabajos de Grado

Biblioteca FUSBC | Teléfono: (57+4) 349 88 10 Ext. 141| WhatsApp (+57) 3005338115 
E-mail: biblioteca@unisbc.edu.co | Calle 76 87-14 Robledo Palenque, Medellín, Colombia

Con tecnología Koha